| 000 | 00721 a2200193 4500 | ||
|---|---|---|---|
| 005 | 20080828125216.0 | ||
| 008 | 080828t xxu||||| |||| 00| 0 eng d | ||
| 010 | _aENG-87361 | ||
| 020 |
_c500.00 _a8122005217 |
||
| 035 | _aEN-70894 | ||
| 037 | _bDBAD / PUB | ||
| 082 | _a303.482 | ||
| 245 |
_aChallenges of globalization _cedited by Bibek Debroy |
||
| 260 |
_aDelhi _bKonark Publishers _c1998 |
||
| 270 |
_aA-149, Main Vikas Marg, _bDelhi _e110 092 |
||
| 300 |
_axxii, 492p. _c21cm (Hb ) |
||
| 942 |
_adpl _cEN _k303.482 / CHA _2ddc _h303.482 _mCHA |
||
| 999 |
_c6473 _d6473 |
||